| 000 | 00336nam a2200133Ia 4500 | ||
|---|---|---|---|
| 008 | 191201s2011 xx 000 0 und d | ||
| 082 |
_a005.133 _bHOF |
||
| 100 | _aHOROWITZ,Ellis | ||
| 245 | 0 | _aFundamental of data structure in C | |
| 250 | _aRep | ||
| 260 |
_c2011 _bUniversities Prees _aNEW DELHI |
||
| 300 | _a617 | ||
| 942 |
_2ddc _cBK _05 |
||
| 999 |
_c7763 _d7763 |
||